[Event "EU-ch U18 rapid"]
[Site "Terme Catez"]
[Date "2023.09.28"]
[Round "4"]
[White "Baziuk, Vladyslav"]
[Black "Friscic, Matej"]
[Result "1-0"]
[WhiteElo "1990"]
[BlackElo "1821"]
[PlyCount "107"]
[EventDate "2023.09.28"]
[EventType "swiss (rapid)"]
[EventRounds "9"]
[EventCountry "SLO"]
[SourceTitle "EXT 2024"]
[Source "ChessBase"]
[SourceDate "2023.10.10"]
[SourceVersion "1"]
[SourceVersionDate "2023.10.10"]
[SourceQuality "1"]

1. e4 c5 2. Nf3 d6 3. d4 cxd4 4. Nxd4 Nf6 5. Nc3 g6 6. Be3 Bg7 7. f3 0-0 8. Qd2 Nc6 9. 0-0-0 d5 10. Qe1 e5 11. Nxc6 bxc6 12. exd5 cxd5 13. Bg5 Qa5 14. Bxf6 Bxf6 15. Nxd5 Bg5+ 16. Kb1 Qxe1 17. Rxe1 Be6 18. Nc7 Rab8 19. Nxe6 fxe6 20. Bc4 Kg7 21. Bxe6 Rb6 22. Bb3 Bf6 23. Rd1 Re8 24. Rd7+ Re7 25. Rhd1 Rb7 26. Rxb7 Rxb7 27. Rd6 Be7 28. Re6 Rd7 29. c3 Bf6 30. Kc2 Bg5 31. g3 Rd2+ 32. Kb1 Rxh2 33. Rxe5 Rh1+ 34. Kc2 Rh2+ 35. Kd3 Rd2+ 36. Kc4 Bf6 37. Ra5 Rxb2 38. Rxa7+ Kh6 39. Kd3 Rf2 40. Ke3 Rg2 41. Bg8 Rxg3 42. Kf4 Be5+ 43. Kxe5 Rxf3 44. Rxh7+ Kg5 45. c4 Re3+ 46. Kd4 Re8 47. Bd5 Re2 48. c5 Rd2+ 49. Ke5 Re2+ 50. Kd6 Kf4 51. c6 g5 52. c7 Rc2 53. Rh8 g4 54. c8Q 1-0

[Event "Varazdin Spancir op 1st"]
[Site "Varazdin"]
[Date "2023.08.25"]
[Round "2"]
[White "Tonkovic, Josip"]
[Black "Friscic, Matej"]
[Result "0-1"]
[WhiteElo "2116"]
[BlackElo "1886"]
[PlyCount "114"]
[EventDate "2023.08.24"]
[EventType "swiss"]
[EventRounds "7"]
[EventCountry "CRO"]
[SourceTitle "EXT 2024"]
[Source "ChessBase"]
[SourceDate "2023.10.10"]
[SourceVersion "1"]
[SourceVersionDate "2023.10.10"]
[SourceQuality "1"]

1. d4 d5 2. c4 c6 3. Nf3 Nf6 4. Qc2 e6 5. e3 Nbd7 6. b3 Be7 7. Bd3 b6 8. 0-0 Bb7 9. Bb2 0-0 10. Nc3 Rc8 11. a4 a5 12. Rfe1 h6 13. Rad1 Qc7 14. e4 dxe4 15. Nxe4 Nxe4 16. Bxe4 Nf6 17. Bd3 c5 18. Qe2 cxd4 19. Nxd4 Bb4 20. Rf1 Bc5 21. Nf3 Rcd8 22. Be5 Qe7 23. Bb1 Rxd1 24. Rxd1 Bxf3 25. Qxf3 Rd8 26. Qe2 Rxd1+ 27. Qxd1 Qd7 28. Qxd7 Nxd7 29. Bc3 f5 30. Kf1 Kf7 31. Ke2 g6 32. f3 e5 33. g4 Ke6 34. Bd2 h5 35. h3 Nb8 36. Bc2 Nc6 37. Bd1 hxg4 38. hxg4 e4 39. fxe4 fxe4 40. Bc3 Bd4 41. Bd2 Ke5 42. Bh6 Bc5 43. Bc1 Nd4+ 44. Kf1 Ne6 45. Bb2+ Kf4 46. Kg2 Bd4 47. Bc1+ Be3 48. Bb2 Bd2 49. Kf2 Nc5 50. Bd4 e3+ 51. Ke2 Ne4 52. Kd3 Nf2+ 53. Ke2 Nxd1 54. Kxd1 Bb4 55. Ke2 Bc5 56. Bxc5 bxc5 57. g5 Ke5 0-1

[Event "Styrian op U14/18 29th"]
[Site "Mureck"]
[Date "2023.08.06"]
[Round "6"]
[White "Friscic, Matej"]
[Black "Schmied, Hagen Matthias"]
[Result "1-0"]
[WhiteElo "1886"]
[BlackElo "1145"]
[PlyCount "73"]
[EventDate "2023.08.02"]
[EventRounds "9"]
[EventCountry "AUT"]
[SourceTitle "EXT 2024"]
[Source "ChessBase"]
[SourceDate "2023.10.10"]
[SourceVersion "1"]
[SourceVersionDate "2023.10.10"]
[SourceQuality "1"]

1. d4 Nf6 2. c4 g6 3. Nc3 Bg7 4. e4 d6 5. f3 0-0 6. Be3 c5 7. d5 a6 8. Qd2 b5 9. cxb5 Qa5 10. Bh6 axb5 11. Bxg7 Kxg7 12. Bxb5 Ba6 13. Bxa6 Nxa6 14. Nge2 Nd7 15. h4 Ne5 16. h5 Rh8 17. Nf4 Nc4 18. Qe2 Qb4 19. Nd3 Qa5 20. 0-0 Nb4 21. Nxb4 Qxb4 22. Rf2 Rhb8 23. Nd1 Rb7 24. Rc1 Nb6 25. b3 Rc8 26. Ne3 Rbc7 27. Nc4 Nd7 28. f4 Nf6 29. hxg6 hxg6 30. Qd3 Ng4 31. Rf3 Rh8 32. e5 dxe5 33. fxe5 Qb8 34. Rcf1 f5 35. exf6+ exf6 36. d6 Rcc8 37. Qe4 1-0

[Event "EU-ch Amateur U1700"]
[Site "Zagreb"]
[Date "2022.08.16"]
[Round "3"]
[White "Friscic, Matej"]
[Black "Mirza, Gabriel"]
[Result "1-0"]
[WhiteElo "1668"]
[BlackElo "1570"]
[PlyCount "107"]
[EventDate "2022.08.14"]
[EventType "swiss"]
[EventRounds "9"]
[EventCountry "CRO"]
[SourceTitle "CBM 210 Extra"]
[Source "ChessBase"]
[SourceDate "2022.11.30"]
[SourceVersion "1"]
[SourceVersionDate "2022.11.30"]
[SourceQuality "1"]

1. d4 f5 2. g3 Nf6 3. Bg2 g6 4. c4 Bg7 5. Nc3 0-0 6. Nf3 d6 7. 0-0 a5 8. Ng5 h6 9. Nh3 Nc6 10. f4 Ng4 11. d5 Nb4 12. Nf2 Nf6 13. e4 fxe4 14. Nfxe4 Nxe4 15. Bxe4 Bf5 16. Bxf5 gxf5 17. Ne2 Qe8 18. Re1 c6 19. a3 Na6 20. Be3 c5 21. Qb3 Rb8 22. a4 Qd8 23. Bd2 b6 24. Bc3 Nc7 25. Bxg7 Kxg7 26. Nc3 Rb7 27. Nb5 Ne8 28. Re6 Kh7 29. Rae1 Ng7 30. R6e3 Rf6 31. Nc3 Rg6 32. Qc2 Qf8 33. Qe2 Qf6 34. Kf1 h5 35. Rxe7 Rxe7 36. Qxe7 h4 37. Qxf6 Rxf6 38. Re7 Kh6 39. Rb7 Nh5 40. Ne2 Rg6 41. Kf2 Nf6 42. Rxb6 Ne4+ 43. Kg2 Nd2 44. b3 Ne4 45. Rb5 Nd2 46. Kh3 Kg7 47. gxh4 Ne4 48. Ng3 Kf7 49. Rxa5 Nf2+ 50. Kg2 Nd1 51. Ra7+ Ke8 52. Kf3 Rf6 53. Nh5 Rh6 54. Ng7+ 1-0

[Event "CRO-ch U17/19"]
[Site "Split"]
[Date "2022.07.31"]
[Round "9"]
[White "Friscic, Matej"]
[Black "Novosel, Lovro"]
[Result "0-1"]
[WhiteElo "1668"]
[BlackElo "2255"]
[PlyCount "90"]
[EventDate "2022.07.25"]
[EventType "swiss"]
[EventRounds "9"]
[EventCountry "CRO"]
[SourceTitle "EXT 2023"]
[Source "ChessBase"]
[SourceDate "2022.10.05"]
[SourceVersion "1"]
[SourceVersionDate "2022.10.05"]
[SourceQuality "1"]

1. d4 Nf6 2. c4 c5 3. d5 b5 4. cxb5 a6 5. bxa6 g6 6. Nc3 d6 7. g3 Bg7 8. Bg2 0-0 9. Nf3 Nbd7 10. 0-0 Bxa6 11. Qc2 Qb6 12. Rd1 Rfb8 13. h3 Ne8 14. e4 Nc7 15. Nd2 Ne5 16. Bf1 Bxf1 17. Rxf1 Nb5 18. f4 Nd7 19. Nc4 Qa6 20. Nxb5 Qxb5 21. Rf3 Nb6 22. Na3 Qb4 23. Rb1 Ra4 24. b3 Rxa3 25. Bxa3 Qxa3 26. Rd1 Ra8 27. Rd2 Nd7 28. Kg2 Nb8 29. Re3 Na6 30. Ree2 Nb4 31. Qc4 Bd4 32. Qb5 Qa6 33. Qd7 Qa7 34. Qxa7 Rxa7 35. a4 f5 36. Kf3 Kf7 37. g4 Rc7 38. Rd1 Rb7 39. gxf5 gxf5 40. Rg2 Na6 41. Rd3 Nc7 42. Rg5 fxe4+ 43. Kxe4 Ne8 44. Rf5+ Nf6+ 45. Kf3 h6 0-1